| 000 | 01070nam a2200325Ia 4500 | ||
|---|---|---|---|
| 003 | OSt | ||
| 005 | 20220912145038.0 | ||
| 006 | a|||||r|||| 00| 0 | ||
| 007 | ta | ||
| 008 | 220909b |||||||| |||| 00| 0 eng d | ||
| 020 | _a9789812833310 (hbd) | ||
| 024 | _a96111 | ||
| 037 | _b11254, 25/02/2010, Atlantic Publishers & Distributors (P) Ltd. | ||
| 037 | _cTextual | ||
| 040 |
_aCSL _beng _cCSL |
||
| 041 | _aeng | ||
| 082 | _aCN2, P9 | ||
| 100 | _aSuzuki Takashi | ||
| 245 | 0 | _aGeneral equilibrium analysis of production and increasing returns | |
| 260 |
_aNew Jersey _bWorld Scientific _c2009 |
||
| 300 |
_axi, 272p. _ccm. |
||
| 490 | _aSeries on mathematical economics and game theory, 4 | ||
| 500 | _aAppendices A-I, 223-262p.; References 263-268p.; Index 269-272p. | ||
| 650 | _a Equilibrium | ||
| 650 | _a Game theory | ||
| 650 | _a Mathematical economics | ||
| 650 | _aMathematics | ||
| 942 |
_hCN2, P9 _cTEXL _2CC |
||
| 999 |
_c21688 _d21688 |
||